000 01851nam0a2200361 4500
001 RU\NLR\BIBL_A\012602791
005 20260628211723.0
010 _a978-5-9907-6554-2
_9450
021 _aRU
_bКН-П-21-034744
_9КН-П-21-2716
035 _a(NLR Aleph) 012602791
090 _a12587060
_c12587060
100 _a20210927d2021 k y0rusy50 ca
101 0 _arus
102 _aRU
105 _aabc|z|||000zy
181 0 _ai
_baxxe
182 0 _an
200 1 _aОт Водской пятины до Ленинградской области
_eо роли Ленинградской области в развитии отечественного судостроения и флота
_fО.И. Вербовой, В.О. Левашко, В.В. Никитин
203 _aТекст
_bвизуальный
_cнепосредственный
210 _aСанино
_cАНО "Редакция газеты "Балтийский луч"
_cМорская энциклопедия
_d2021
215 _a396, [1] с.
_cил., портр., карт., табл.
_d22
320 _aБиблиогр. в подстроч. примеч.
606 _aСудостроение
_xИстория
_3RU\NLR\AUTH\66217191
_91293133
607 _aЛенинградская область
_xИстория
_91007311
_3RU\NLR\AUTH\66382981
686 1 _aТ3(2Р-4Ле)0,02
686 1 _aО42г(2)
700 1 _aВербовой
_bО. И.
_gОлег Иванович
701 1 _aЛевашко
_bВ. О.
_gВадим Олегович
701 1 _7ca
_8rus
_aНикитин
_bВ. В.
_cисторик
_gВиктор Вениаминович
_9235229
_3RU\NLR\AUTH\770235285
942 _cBOOK
980 _aNB